Complex variables and applications (Record no. 7806)

000 -LEADER
fixed length control field 00528nam a2200193 4500
001 - CONTROL NUMBER
control field 7806
003 - CONTROL NUMBER IDENTIFIER
control field BD-DhUET
008 - FIXED-LENGTH DATA ELEMENTS--GENERAL INFORMATION
fixed length control field 141213b/xxu||||| |||| 00| 0 eng d
040 ## - CATALOGING SOURCE
Original cataloging agency DLC
Language of cataloging DLC
Transcribing agency BD-DhUET
082 ## - DEWEY DECIMAL CLASSIFICATION NUMBER
Edition number 1st ed.
Classification number 517.8
Item number CHU/1974
100 ## - MAIN ENTRY--PERSONAL NAME
Personal name Churchill , Ruel V.
245 ## - TITLE STATEMENT
Title Complex variables and applications
Statement of responsibility, etc. by Ruel V. Churchill
250 ## - EDITION STATEMENT
Edition statement 1st ed.
260 ## - PUBLICATION, DISTRIBUTION, ETC. (IMPRINT)
Place of publication, distribution, etc. Newyork
Name of publisher, distributor, etc. McGraw Hill
Date of publication, distribution, etc. 1974
300 ## - PHYSICAL DESCRIPTION
Extent IX, 293 p .
Other physical details col. ill.
504 ## - BIBLIOGRAPHY, ETC. NOTE
Bibliography, etc includes bibliographies
650 #0 - SUBJECT ADDED ENTRY--TOPICAL TERM
Topical term or geographic name as entry element Math complex variable
942 ## - ADDED ENTRY ELEMENTS (KOHA)
Koha item type General Book
Holdings
Not for loan Shelving location Source of classification or shelving scheme Koha item type Withdrawn status Location (home branch) Price effective from Koha date last borrowed Koha issues (times borrowed) Koha date last seen Copy number Sublocation or collection (holding branch) Lost status Koha full call number Piece designation (barcode) Koha normalized classification for sorting Damaged status Date acquired
 Circulation section General Book Central Library, BUET2014-12-13  2014-12-131Central Library, BUET 517.8/CHU/197452888517_800000000000000_CHU_1974 2014-12-13
 Circulation section General Book Central Library, BUET2014-12-13  2014-12-132Central Library, BUET 517.8/CHU/197452890517_800000000000000_CHU_1974 2014-12-13
 Circulation section General Book Central Library, BUET2014-12-132016-07-1312016-12-203Central Library, BUET 517.8/CHU/197467791517_800000000000000_CHU_1974 2014-12-13
 Circulation section General Book Central Library, BUET2014-12-132024-09-0122024-09-154Central Library, BUET 517.8/CHU/197452886517_800000000000000_CHU_1974 2014-12-13
 Circulation section General Book Central Library, BUET2014-12-13  2014-12-135Central Library, BUET 517.8/CHU/19747363517_800000000000000_CHU_1974 2014-12-13